000 00573nam a2200217Ia 4500
003 OSt
005 20250411092232.0
008 220927b |||||||| |||| 00| 0 eng d
020 _a9781786031327
037 _cTextual
040 _aSDCL
_cSDCL
_beng
041 _2eng
_aeng
084 _aNP Q8 LR
100 _aBarr, Catherine
245 0 _a10 Reasons to love a lion
260 _aLondon :
_bFrances Lincoln,
_c2018.
300 _a10p.
650 _aReference
942 _cGB
_2CC
_n0
999 _c798681
_d798681